[Event "Quebec op"]
[Site "St Agathe"]
[Date "1985.08.17"]
[Round "7"]
[White "Morin, Louis"]
[Black "Mitlitsky, Steven"]
[Result "1-0"]
[WhiteElo "1935"]
[BlackElo "1730"]
[PlyCount "33"]
[EventDate "1985.08.11"]
[EventType "swiss"]
[EventRounds "8"]
[EventCountry "CAN"]
[SourceTitle "EXT 2022"]
[Source "ChessBase"]
[SourceDate "2021.10.06"]
[SourceVersion "1"]
[SourceVersionDate "2021.10.06"]
[SourceQuality "1"]

1. e4 e5 2. Nf3 Nc6 3. Nc3 Nf6 4. Bb5 Nd4 5. Nxe5 Nxb5 6. Nxb5 c6 7. Nc3 Qe7 8. d4 d6 9. Nf3 Nxe4 10. 0-0 Nxc3 11. bxc3 Be6 12. Re1 f6 13. d5 cxd5 14. Nd4 0-0-0 15. Nxe6 Re8 16. Qxd5 Qf7 17. Ba3 1-0